000 00988nam a22003257a 4500
003 CHAP
005 20220817044421.0
008 110128s2010 it a rn 00010 eng d
010 _a100388
011 _a101360
035 _a112048
040 _cCHAP
090 _aFolleto 17430y
110 2 _aFAO
245 1 0 _aUnited against hunger
_c/por FAO
260 _aRome :
_bFAO,
_c2010
300 _aHoja plegable
590 _aBATCH-UPD
_b10
_c20130110
_lUCH01
_h1346
590 _aBATCH-UPD
_b10
_c20130410
_lUCH01
_h0844
590 _aBATCH-UPD
_b10
_c20130914
_lUCH01
_h0222
590 _aCONVERSION
_b10
_c20130109
_lUCH01
_h1355
650 1 4 _aAlimentos
_xAbastecimiento.
650 1 4 _aHambre.
_952413
650 1 4 _aPobreza.
_989463
650 1 4 _aPolítica alimentaria.
_990389
901 _aBK
942 _cFOLL
949 _aFolleto 17430y
_bBC
_cFAO
_d33724002330405
_eFAO1
_gDonaciØn
_i112048
_sb
949 _aFolleto 17430y
_bBC
_cFAO
_d33724002330446
_eFAO2
_fc.2
_gDonaciØn
_i112048
_sb
999 _c100388
_d100388